000 00862nam a2200253Ia 4500
003 OSt
005 20220923222155.0
006 a|||||r|||| 00| 0
007 ta
008 220922b |||||||| |||| 00| 0 ben d
024 _a203,614
037 _cTextual
040 _aARTS
_cARTS
_bben
041 _2ben
_aben
082 _aO157,3N33,14, 152M4
100 _aशंकर; बैनर्जी, युक्ति, अनु.
_9166230
245 0 _aजहां जैसा
246 _aJahāan jaisā
260 _aनई दिल्ली
_b राजकमल प्रका0
_c1984
300 _a208पृ0
_ccm.
650 _aबंगाली साहित्य
_9156264
942 _hO157,3N33,14, 152M4
_cTEXL
_2CC
999 _c354366
_d354366